[Event "Mumbai Mayors Cup 1st"]
[Site "Mumbai"]
[Date "2008.05.11"]
[Round "1"]
[White "Negandhi, Dhir H"]
[Black "Babu, N Sudhakar"]
[Result "0-1"]
[WhiteElo "1756"]
[BlackElo "2356"]
[PlyCount "82"]
[EventDate "2008.05.11"]
[EventType "swiss"]
[EventRounds "11"]
[EventCountry "IND"]
[SourceTitle "CBM 124 Extra"]
[Source "ChessBase"]
[SourceDate "2008.07.03"]
[SourceVersion "1"]
[SourceVersionDate "2008.07.03"]
[SourceQuality "1"]

1. d4 Nf6 2. c4 Nc6 3. Nf3 e6 4. Bg5 h6 5. Bh4 Bb4+ 6. Nc3 Bxc3+ 7. bxc3 d6 8. e3 Qe7 9. Qc2 e5 10. d5 Nb8 11. e4 Na6 12. Nd2 g5 13. Bg3 Nh5 14. Be2 Nf4 15. Bxf4 exf4 16. f3 Nc5 17. Nb3 Nd7 18. Nc1 Ne5 19. Qa4+ Bd7 20. Qb3 b6 21. Nd3 Ng6 22. g3 f5 23. 0-0-0 fxe4 24. fxe4 0-0-0 25. gxf4 Qxe4 26. Rhe1 Nxf4 27. Bf1 Nxd3+ 28. Bxd3 Qf4+ 29. Kb1 Rde8 30. Rf1 Qxh2 31. Rf7 Qh3 32. Qc2 Rhf8 33. Rdf1 Re1+ 34. Kb2 Rxf7 35. Rxf7 Qe3 36. Bf5 Bxf5 37. Qxf5+ Kb7 38. Rf8 Qc1+ 39. Kb3 Qb1+ 40. Qxb1 Rxb1+ 41. Kc2 Ra1 0-1